MDQL
is popping MORE tags! Check the
thread
!
Quizzes
Events
Quiz Creation
Community
Videos
Private Events
Remove Ads
Sign In
Join for FREE
Feedback
Dark Mode
Quiz Categories
Sports
Geography
Music
Movies
Television
Just For Fun
Miscellaneous
History
Literature
Language
Science
Gaming
Entertainment
Religion
Holiday
For Kids
Quiz Lab
Recent
Popular Today
Quiz Kudos Today
Editor Picks
Curator Picks
Quizzes by...
Day
Popularity
Type
Ratings
Length
Year
Community
Subscriptions
Recent Discussions
Orange Saloon
Badges
Playlists
Quests
Create
Leaderboards
Showdown
Live 5
Trivia Bingo
Activity
Puzzle Library
Sporcle Events
Private Events
Virtual Trivia
Globe League
Become a Host
Pub Owners
SporcleCon
Opinionation
Our Games
Videos
Blog
Mobile Apps
Partnerships
Remove Ads and Go Orange
Feedback
Sports
Athletes
MLB
NBA
NHL
NFL
Soccer
Sports Teams
WWE
NCAA
Football
Premier League
Basketball
Baseball
Hockey
Golf
Tennis
Cricket
Rugby
Auto Racing
Olympics
World Cup
Sports
Athletes
MLB
NBA
NHL
NFL
Soccer
Sports Teams
WWE
NCAA
Football
Premier League
Basketball
Baseball
Hockey
Golf
Tennis
Cricket
Rugby
Auto Racing
Olympics
World Cup
Random Quiz
Search Sporcle
×
Quiz Lab
Quiz Lab
Sports
Baseball
Type in answers that appear in a list
Type in answers that appear in a list
Classic
Best Score? Go Orange.
Top 100 MLB Active War Leaders Stats
Can you name the top 100 active WAR leaders?
By
aaa123
10m
100 Questions
455 Plays
455 Plays
455 Plays
Comments
Comments
Give Quiz Kudos
Give Quiz Kudos
-
- Ratings
hide this ad
More Info
Replay
Link that replays current quiz
Next Quiz
Link to next quiz in quiz playlist
You Got
0%
They Got
Avg Score
64%
Avg Friend Score
Upgrade to see
Score Distribution
Jump to the score distribution portion of the page
Score
0/100
Timer
10:00
0
Plays Today
WAR
Player
% Correct
87.5
Albert Pujols
98.9%
105.4
Alex Rodriguez
97.4%
81.6
Chipper Jones
97.1%
70.5
Derek Jeter
97.1%
67.2
Ivan Rodriguez
97.1%
22.3
Francisco Rodriguez
97.1%
59.8
Andruw Jones
96.9%
30.7
Derrek Lee
91.4%
27.4
Cliff Lee
91.4%
22.1
Carlos Lee
91.4%
60.2
Todd Helton
91%
42.0
Chase Utley
88.8%
40.0
Joe Mauer
88.8%
58.4
Roy Halladay
88.4%
54.9
Mariano Rivera
88.1%
47.9
C.C. Sabathia
87.7%
23.2
Ryan Howard
87.7%
33.7
Jimmy Rollins
87.3%
29.5
Hanley Ramirez
86.6%
23.5
Aramis Ramirez
86.6%
71.1
Jim Thome
86.4%
38.0
Miguel Cabrera
84.4%
54.3
Ichiro Suzuki
83.5%
58.6
Vladimir Guerrero
83.3%
32.2
David Wright
83.3%
47.0
Johan Santana
81.3%
59.8
Carlos Beltran
80.4%
39.0
Mark Teixeira
80.4%
27.6
Robinson Cano
80.4%
66.3
Scott Rolen
79.1%
31.7
Matt Holliday
79.1%
33.0
David Ortiz
78.9%
45.0
Jorge Posada
77.8%
23.9
Dustin Pedroia
77.8%
WAR
Player
% Correct
22.3
Tim Lincecum
77.6%
26.9
Adrian Gonzalez
77.4%
22.9
Alfonso Soriano
76.9%
25.9
Paul Konerko
75.6%
28.9
Torii Hunter
75.4%
23.6
Troy Tulowitzki
74.3%
49.2
Tim Hudson
73.2%
27.7
Jose Reyes
73.2%
27.6
Josh Beckett
73.2%
29.8
Chris Carpenter
71.2%
53.7
Jason Giambi
70.5%
24.8
Justin Verlander
70.3%
58.7
Bobby Abreu
69.2%
27.2
Michael Young
69%
30.3
Kevin Youkilis
67.9%
34.6
Magglio Ordonez
67.5%
27.5
Carl Crawford
66.8%
37.4
Carlos Zambrano
66.6%
23.7
Matt Cain
65.7%
25.1
Adam Dunn
65.3%
46.3
Adrian Beltre
64.8%
26.0
Curtis Granderson
64.8%
45.7
Roy Oswalt
64%
50.8
Johnny Damon
62.9%
49.6
Lance Berkman
62.9%
25.8
Jered Weaver
62.6%
32.0
Derek Lowe
62%
46.1
Mark Buehrle
60.2%
31.4
Barry Zito
59.1%
27.0
Victor Martinez
58.9%
46.6
J.D. Drew
58.7%
42.2
Miguel Tejada
58.7%
28.3
Felix Hernandez
56.7%
28.1
Livan Hernandez
56.7%
WAR
Player
% Correct
22.6
Ramon Hernandez
56.7%
29.4
Grady Sizemore
54.7%
23.3
Jason Varitek
54.1%
34.7
Placido Polanco
53.8%
25.2
John Lackey
53.8%
31.6
Edgar Renteria
53.6%
33.8
Bartolo Colon
53.2%
22.9
Travis Hafner
50.1%
23.6
Zack Greinke
48.8%
25.7
Vernon Wells
48.6%
36.3
Eric Chavez
45.9%
32.8
Freddy Garcia
45.9%
23.9
Ian Kinsler
45.5%
31.5
Tim Wakefield
42.6%
30.7
Dan Haren
42.6%
31.9
Rafael Furcal
40.4%
26.8
Melvin Mora
38.2%
28.5
Jake Peavy
35.6%
47.1
Mike Cameron
34.5%
27.6
Brandon Webb
34.3%
26.1
Carlos Guillen
33.8%
22.1
Joe Nathan
33.8%
42.4
Omar Vizquel
29.9%
38.0
Javier Vazquez
29.7%
25.0
Kerry Wood
29.5%
23.6
Ted Lilly
21.5%
23.9
Casey Blake
17.4%
23.7
Randy Wolf
16.3%
24.4
Kevin Millwood
15.6%
22.8
Jon Garland
13%
22.2
Mark Ellis
13%
22.1
David DeJesus
4.4%
Quiz Playlist
Details
Report
Send in Message
Add To Playlist
More Info:
As of 2011 season. Source: Baseball-reference.com *- Released by the Diamondbacks in the middle of the season.
Classic:
Type in answers that appear in a list
Last Updated: Feb 16, 2017
Quiz Scoreboard
CHALLENGE
Sign Up to Join the Scoreboard
Show All
Scores
Hide
Comments
May contain spoilers
Recently Published
Find the 'City' Movie
by crazypaving
Movies
60s
5x2 Blitz: Bands
by SL_Kpop136
Music
30s
Colored Red Africa Blitz
by spor1
Geography
30s
More to Explore
Quiz From the Vault
Featured Blog Post
14 Easter Pick-up Lines to Find Eggs With
hide this ad
You Might Also Like...
Tags
Baseball Quiz
MLB Quiz
War Quiz
100
Active
Player
team
Today's Top Quizzes in Sports
Browse Sports
hide this ad
Today's Top Quizzes in Baseball
Browse Baseball
Top Contributed Quizzes in Sports
1
Les entraîneurs de l'OM et du PSG au 21e siècle
2
Les meilleurs buteurs des matchs entre le PSG et l’OM
3
Players with Multiple 50 Home Run Seasons
4
2022 World Cup Stars
5
Les joueurs passés par le PSG et l'OM
6
NBA Logic Puzzle 2.0
7
Criteria MLB: Left Handed Sluggers
8
MLB Players with Two .350 Batting Average Seasons
9
Top 10 NHL Goal Scorers of All Time
10
Who Hit More Homers?
Explore More
Trending Topics
Marvel
Disney
Harry Potter
Kpop
Crossword
Anime
NBA
Pokémon
Song
Puzzle
NFL
Soccer
WWE
Country
The Office
hide this ad
More By:
aaa123
Quiz
Plays
Rating
Category
Featured
Created
Old School & 90's Rap Albums
477
3.00
Music
Jun 21, 2011
Top 100 MLB Active War Leaders
455
4.00
Sports
Aug 17, 2011
Yankees 2000-2010 Trades
404
5.00
Sports
Jun 28, 2011
Sports Teams Anagrams
211
4.00
Sports
Jul 13, 2011
Last 20 Game Winner & 40 HR Hitter
145
2.50
Sports
Jun 14, 2011
Go to Creator's Profile
Score Distribution
Quiz Creator Spotlight
aaa123
Follow
Send a Message
Quizzes Created
-
Created Quiz Play Count
-
More By This Creator
Popular Quizzes Today
1
Colored Red Africa Blitz
2
Find the 'City' Movie
3
Find the US States - No Outlines Minefield
4
5x2 Blitz: Bands
5
The Countries of the World
6
Find the US States
7
Find the Countries of Europe - No Outlines Minefield
8
US States
More Sports Quizzes
FCS wins over FBS (since 2010)
Quiz Lab
Trending Quizzes
Colored Red Europe Blitz I
Colored Red Europe Blitz II
Colored Red Africa Blitz II
Colored Red Europe Blitz III
Colored Red Africa Blitz III
Recently Updated
How Do You Spell That?
pecheneg
Godzilla Movies
pecheneg
Grab Bag: 4-10 Letters
pecheneg
2024 March Madness Bracket
pecheneg
Famous TV Couples
Peacemaker
Champions League XIs: Real Madrid
pecheneg
Largest US Cities 1790-2010
pecheneg
Rides in Walt Disney World
pecheneg
Most Oscar Losses (Acting)
pecheneg
Beyoncé Albums
pecheneg
Trending Topics
Anime
Crossword
Marvel
Disney
Kpop
NBA
Harry Potter
Pokémon
The Office
NFL
Soccer
Song
Country
WWE
Puzzle
Your Account Isn't Verified!
In order to create a playlist on Sporcle, you need to verify the email address you used during registration. Go to your
Sporcle Settings
to finish the process.
Report this User
Report this user for behavior that violates our
Community Guidelines
.
Details:
Send Report
Go to the Sporcle.com Mobile Site →
Comments